000 00337nam a2200133Ia 4500
008 220204s9999 xx 000 0 und d
082 _a677.02
_bMOR
100 _aHearle, J W S
245 0 _aPhysical properties of textile fibres
260 _aLondon
_bTextile
_c1962
650 _aTextile fibres
700 _aMorton, W E
942 _cBK
999 _c25462
_d25462